| 000 | 00357nam a2200133Ia 4500 | ||
|---|---|---|---|
| 008 | 150202s9999 xx 000 0 und d | ||
| 020 | _a82177094 | ||
| 050 |
_aFIC _bFIC |
||
| 100 | _aDoyle, Elizabeth. | ||
| 245 |
_aMy lady pirate / _cElizabeth Doyle. |
||
| 260 |
_aNew York : _bZebra Books, _c2001. |
||
| 300 |
_a364 pages : _c18 cm. |
||
| 650 | _aFiction. | ||
| 999 |
_c281990 _d281990 |
||